Normal view
MARC view
- TEXTBOOK-DME.ELECTRIC MACHINERY FUNDAMENTALS
Entry Topical Term
001 - CONTROL NUMBER
- control field: 91689
003 - CONTROL NUMBER IDENTIFIER
- control field: NUST
005 - DATE AND TIME OF LATEST TRANSACTION
- control field: 20220520124007.0
008 - FIXED-LENGTH DATA ELEMENTS
- fixed length control field: 220520|| aca||aabn | a|a d
040 ## - CATALOGING SOURCE
- Original cataloging agency: NUST
- Transcribing agency: NUST
150 ## - HEADING--TOPICAL TERM
- Topical term or geographic name entry element: TEXTBOOK-DME.ELECTRIC MACHINERY FUNDAMENTALS
670 ## - SOURCE DATA FOUND
- Source citation: Work cat.: (NUST)589846: Chapman, Stephen J, Electric Machinery Fundamentals, 2015.
